Sklepy w Żurominie - Statystyki

Ogólne statystyki
  • Ten quiz został rozwiązany 18 razy
  • Średni wynik to 6 z 15
Statystyki odpowiedzi
Hint Odpowiedź % Poprawnych
Spożywczy Biedronka
100%
Spożywczy Lewiatan
79%
Osiedlowe Żabka
64%
Spożywczy Aldi
57%
Spożywczy Delikatesy Centrum
57%
Spożywczy Dino
43%
Osiedlowe Groszek
43%
Monopolowy Świat alkoholi
36%
Osiedlowe Plus
29%
Spożywczy Spiżarnia smaków
29%
Osiedlowe Drewniak
21%
Monopolowy Zimolzak
14%
Osiedlowe Kruczki
7%
Osiedlowe Bożena
0%
Kiosk Salonik
0%
Nie znaleziono quizów pasujących do podanych kryteriów
Rozkład punktacji
Procent ludzi z każdym wynikiem
Percentyl według liczby udzielonych odpowiedzi
Twoja historia wyników
Nie rozwiązałeś tego quizu